| 000 | 00387nam a2200133Ia 4500 | ||
|---|---|---|---|
| 008 | 220217s9999||||xx |||||||||||||| ||und|| | ||
| 020 | _a81-7808-018-4 | ||
| 082 | _a005.13 HOR | ||
| 100 | _aHorstmann, Cay, S Cornell, Gary | ||
| 245 | 0 | _aCore java volume-II : advanced features | |
| 260 |
_aSun microsystems press _bDelhi _c2001 |
||
| 300 | _b495 | ||
| 650 | _aPROGRAMMING LANGUAGE | ||
| 999 |
_c169918 _d169918 |
||